| 000 | 02494nam0a2200421 4500 | ||
|---|---|---|---|
| 001 | RU\NLR\BIBL_A\010539762 | ||
| 005 | 20250614064947.0 | ||
| 010 |
_a978-5-398-01062-6 _930 |
||
| 021 |
_aRU _b2014-71624 _94388 |
||
| 035 | _a(NILC)RuMoRGB-007557780 | ||
| 035 | _a(NLR Aleph) 010539762 | ||
| 090 |
_a10291319 _c10291319 |
||
| 100 | _a20141121d2013 |||y0rusy50 ca | ||
| 101 | 0 |
_aeng _drus |
|
| 102 | _aRU | ||
| 105 | _aa|||z|||1|0yy | ||
| 200 | 1 |
_a3rd and 4th International conference of young scientists on solutions of applied problems in control, data processing and data analysis, 2 April, 2012, Köthen, Germany, 25 March, 2013, Köthen, Germany _e[reports _fed. board: Prof., Dr. Ursula Fissgus, Prof. Dr. Alexander Kostygov et al.] |
|
| 210 |
_aPerm _cPerm nat. research polytechn. univ. _d2013 |
||
| 215 |
_a122 с. _cил. _d25 |
||
| 300 | _aВ надзаг.: Perm nat. research polytechn. univ. (Perm, Russia), Anhalt univ. of appl. sciences (Köthen, Germany) | ||
| 300 | _aРез. на рус. яз | ||
| 320 | _aБиблиогр. в конце докл. | ||
| 541 | 1 | _aТруды 3-й и 4-й Международных конференций молодых ученых по решению прикладных задач управления и связи, обработки информации и анализа данных | |
| 606 |
_aСАУ _jСъезды, совещания и т.п. _92150933 _3RU\NLR\AUTH\661295346 |
||
| 606 |
_aИнформация _jСъезды, совещания и т.п. _xАвтоматическая обработка _92376922 _3RU\NLR\AUTH\661418377 |
||
| 606 |
_aАнализ данных _jСъезды, совещания и т.п. _92244810 _3RU\NLR\AUTH\661346787 |
||
| 686 | 1 | _aЗ965я431 | |
| 686 | 1 | _aЗ973.233-018я431 | |
| 702 | 1 |
_aFissgus _bU. _gUrsula _4340 |
|
| 702 | 1 |
_aKostygov _bA.M. _gAleksandr Michajlovič _4340 |
|
| 710 | 1 | 2 |
_7ba _8eng _aInternational conference of young scientists on solutions of applied problems in control, data processing and data analysis _d3 _eKoethen _f2012 _9438198 _3RU\NLR\AUTH\880386030 |
| 711 | 1 | 2 |
_7ba _8eng _aInternational conference of young scientists on solutions of applied problems in control, data processing and data analysis _d4 _eKoethen _f2013 _9438228 _3RU\NLR\AUTH\880386045 |
| 801 | 0 |
_aRU _bРГБ _c20140924 _gRCR |
|
| 801 | 1 |
_aRU _bРГБ _c20140924 _2rusmarc |
|
| 942 | _cBOOK | ||
| 980 | _aNB | ||